| 000 -LEADER |
| fixed length control field |
00735nam a22001577a 4500 |
| 005 - DATE AND TIME OF LATEST TRANSACTION |
| control field |
20250324165316.0 |
| 008 - FIXED-LENGTH DATA ELEMENTS--GENERAL INFORMATION |
| fixed length control field |
250324s2016 ge ||||| |||| 00| 0 eng d |
| 041 ## - LANGUAGE CODE |
| Language code of text/sound track or separate title |
eng |
| 080 ## - UNIVERSAL DECIMAL CLASSIFICATION NUMBER |
| Universal Decimal Classification number |
629.114.2 M-20 |
| 100 ## - MAIN ENTRY--PERSONAL NAME |
| Personal name |
Makharoblidze, Revaz |
| 9 (RLIN) |
24663 |
| 245 ## - TITLE STATEMENT |
| Title |
Actual issues of theory of wheels rolling of tractor: |
| Remainder of title |
Actual issues of theory of wheels rolling with taking into account the relief and rheological properties of soil / |
| Statement of responsibility, etc. |
Revaz Makharoblidze. |
| 264 ## - PRODUCTION, PUBLICATION, DISTRIBUTION, MANUFACTURE, AND COPYRIGHT NOTICE |
| Place of production, publication, distribution, manufacture |
Saarbrucken : |
| Name of producer, publisher, distributor, manufacturer |
LAP LAMBERT Academic Publishing, |
| Date of production, publication, distribution, manufacture, or copyright notice |
2016. |
| 300 ## - PHYSICAL DESCRIPTION |
| Extent |
144 p. : |
| Other physical details |
ill.; |
| Dimensions |
23 cm. |
| 653 ## - INDEX TERM--UNCONTROLLED |
| keyword |
ბორბლების გორვის თეორიის აქტუალური საკითხები |
| 942 ## - ADDED ENTRY ELEMENTS (KOHA) |
| Source of classification or shelving scheme |
|
| Koha item type |
წიგნი |